Ciudadanía y profesión : elementos para una ética de la convivencia /
Estudio de ética y política que dimensiona la importancia del profesionista en su realización personal desde un horizonte no individualista sino comunitario, consciente de sus valores ciudadanos para contribuir con sus acciones hacia la realización del bien común.
Sábháilte in:
| Príomhchruthaitheoir: | |
|---|---|
| Formáid: | LEABHAR |
| Teanga: | Spáinnis |
| Foilsithe / Cruthaithe: |
Guadalajara, México :
Temacilli : Instituto de Filosofía,
2008, c2008
|
| Ábhair: | |
| Clibeanna: |
Níl clibeanna ann, Bí ar an gcéad duine le clib a chur leis an taifead seo!
|
MARC
| LEADER | 00000nam^a2200000^a^4500 | ||
|---|---|---|---|
| 001 | 000625980 | ||
| 005 | 20251215000000.0 | ||
| 009 | 20260310134026.008 | ||
| 020 | |a 978-970-96050-1-3 | ||
| 025 | |a Donación Ricardo Urroz Thomson, 1 ejemplar | ||
| 037 | |a Acervo ITESO - Biblioteca | ||
| 041 | |a ESP | ||
| 082 | |a 320. 01 |b AGU | ||
| 100 | |a Aguilar Sahagún, Luis Armando |e (autor) | ||
| 245 | 1 | 0 | |a Ciudadanía y profesión : |b elementos para una ética de la convivencia / |c L.A. Aguilar Sahagún. |
| 264 | 4 | |a Guadalajara, México : |b Temacilli : |b Instituto de Filosofía, |c 2008, c2008 | |
| 300 | |a 139 p. | ||
| 336 | |a texto |b txt |2 rdacontenido | ||
| 337 | |a sin mediación |b n |2 rdamedio | ||
| 338 | |a volumen |b nc |2 rdasoporte | ||
| 520 | |a Estudio de ética y política que dimensiona la importancia del profesionista en su realización personal desde un horizonte no individualista sino comunitario, consciente de sus valores ciudadanos para contribuir con sus acciones hacia la realización del bien común. | ||
| 649 | |a XX | ||
| 650 | |a Profesionistas | ||
| 650 | |a Ciudadanía | ||
| 650 | |a Vida Pública | ||
| 650 | |a Cultura Política | ||
| 650 | |a Bien Común | ||
| 650 | |a Etica Profesional - |x Tema Principal | ||
| 650 | |a Etica Política - |x Tema Principal | ||
| 650 | |a Filosofía Política | ||
| 650 | |a Política | ||
| 910 | |a Fondo General | ||
| 920 | |a Impresos - Libros | ||
| 930 | |a Colección General | ||
| 905 | |a 101 | ||
| 901 | |a 625980-10 |b IT1 |c ACC |i D |u 20251215 | ||
| 902 | |a https://opac.biblio.iteso.mx/vufind/Record/000625980 | ||